| 000 | 00659nam a2200217Ia 4500 | ||
|---|---|---|---|
| 005 | 20241129105904.0 | ||
| 008 | 241129s9999||||xx |||||||||||||| ||und|| | ||
| 020 | _a978-1-032-46863-1 | ||
| 037 | _aTB | ||
| 040 |
_aARTS _beng _cARTS |
||
| 041 |
_aeng _2eng |
||
| 084 |
_aX8(M73).247'N5 R2 _qARTS |
||
| 100 |
_aAmit Kumar Au. _9553555 |
||
| 245 | 0 |
_aPrecious threads and precarious lives: histories of shawl and silk industries of Kashmir, 1846-1950 _cAmit Kumar Au. |
|
| 260 |
_aUK _bRoutledge _c2022 |
||
| 300 | _axi,163p. | ||
| 365 |
_aINR _b1295 |
||
| 650 | _aEconomics | ||
| 942 |
_cTB _hX8(M73).247'N5 R2 |
||
| 999 |
_c1226447 _d1226447 |
||